NEW BEHAVIORAL ECONOMICS A TASTE FOR FAI (Record no. 28131)
[ view plain ]
| 000 -LEADER | |
|---|---|
| fixed length control field | 00388nam a2200145Ia 4500 |
| 008 - FIXED-LENGTH DATA ELEMENTS--GENERAL INFORMATION | |
| fixed length control field | 240624s9999 xx 000 0 und d |
| 041 ## - LANGUAGE CODE | |
| Language code of text/sound track or separate title | eng |
| 082 ## - DEWEY DECIMAL CLASSIFICATION NUMBER | |
| Classification number | 330.019 KHA |
| 100 ## - MAIN ENTRY--PERSONAL NAME | |
| Personal name | KHALIL ELIAS L |
| 245 ## - TITLE STATEMENT | |
| Title | NEW BEHAVIORAL ECONOMICS A TASTE FOR FAI |
| 260 ## - PUBLICATION, DISTRIBUTION, ETC. | |
| Date of publication, distribution, etc. | 2009 |
| Place of publication, distribution, etc. | UK |
| Name of publisher, distributor, etc. | Edward Elgar Publishing Limited |
| 300 ## - PHYSICAL DESCRIPTION | |
| Extent | xxii, : 493 : p. : cm. ; 24 |
| 365 ## - TRADE PRICE | |
| Currency code | BPS |
| Price amount | 38 |
| 440 ## - SERIES STATEMENT/ADDED ENTRY--TITLE | |
| Volume/sequential designation | 3 |
| Withdrawn status | Lost status | Damaged status | Not for loan | Home library | Current library | Shelving location | Date acquired | Source of acquisition | Cost, normal purchase price | Full call number | Barcode | Date last seen | Copy number | Price effective from | Koha item type |
|---|---|---|---|---|---|---|---|---|---|---|---|---|---|---|---|
| IMTN | IMTN | Rack 7-A | 12/13/2016 | BKI | 563.00 | 330.019 KHA | 28131 | 06/24/2024 | 86.9 | 06/24/2024 | Books |